COBRA : Construction and Building Research Conference 1998. Volume 1 ... Oxford Centre for Real Estate Management, 2nd-3rd September 1998, Oxford Brookes University (Record no. 97626)

MARC details
000 -LEADER
fixed length control field 02450cam a2200493 4500
008 - FIXED-LENGTH DATA ELEMENTS--GENERAL INFORMATION
fixed length control field 090401t1998 xxu||||| |||| 00| 0 eng d
020 ## - INTERNATIONAL STANDARD BOOK NUMBER
International Standard Book Number 1873640234
035 ## - SYSTEM CONTROL NUMBER
System control number (Sirsi) u91279
041 ## - LANGUAGE CODE
Language code of text/sound track or separate title eng
050 ## - LIBRARY OF CONGRESS CALL NUMBER
Classification number 690.072
110 ## - MAIN ENTRY--CORPORATE NAME
Corporate name or jurisdiction name as entry element Royal Institution of Chartered Surveyors
9 (RLIN) 4900
245 ## - TITLE STATEMENT
Title COBRA : Construction and Building Research Conference 1998. Volume 1 ... Oxford Centre for Real Estate Management, 2nd-3rd September 1998, Oxford Brookes University
Medium [electronic resource]
260 ## - PUBLICATION, DISTRIBUTION, ETC.
Place of publication, distribution, etc. Oxford
Name of publisher, distributor, etc. Oxford Brookes University
Date of publication, distribution, etc. 1998
260 ## - PUBLICATION, DISTRIBUTION, ETC.
Place of publication, distribution, etc. London
Name of publisher, distributor, etc. RICS
Date of publication, distribution, etc. 1998
300 ## - PHYSICAL DESCRIPTION
Extent 177p. ; 30cm.
350 ## - PRICE (NR) (BK AM CF MU VM SE) [OBSOLETE]
Price 0
505 ## - FORMATTED CONTENTS NOTE
Formatted contents note The development of expertise in early stage cost estimating through experimental learning.
505 ## - FORMATTED CONTENTS NOTE
Formatted contents note Modelling cost increases in competitively built construction.
505 ## - FORMATTED CONTENTS NOTE
Formatted contents note Career progression paths for UK site managers.
505 ## - FORMATTED CONTENTS NOTE
Formatted contents note Distance learning : a mechanism for just in time construction education.
505 ## - FORMATTED CONTENTS NOTE
Formatted contents note The role of logistics in materials` management and control : lessons from the Danish house-building sector.
505 ## - FORMATTED CONTENTS NOTE
Formatted contents note A cognative approach to exploring the management of the design process.
505 ## - FORMATTED CONTENTS NOTE
Formatted contents note Overcoming the obstacles associated with quality certification.
505 ## - FORMATTED CONTENTS NOTE
Formatted contents note Re-engineering the decision-making process.
505 ## - FORMATTED CONTENTS NOTE
Formatted contents note Strategic needs analysis : searching for viable solutions.
505 ## - FORMATTED CONTENTS NOTE
Formatted contents note The potential for realising innovative concepts for market segmentation derived from client attitudes.
505 ## - FORMATTED CONTENTS NOTE
Formatted contents note Stock condition surveys fail to deliver client satisfaction : a review of the recent experience of registered social landlords in commissioning stock condition surveys.
505 ## - FORMATTED CONTENTS NOTE
Formatted contents note Industry needs and course content in project management.
505 ## - FORMATTED CONTENTS NOTE
Formatted contents note The global development of value management.
505 ## - FORMATTED CONTENTS NOTE
Formatted contents note Can any facilitator run a value engineering workshop?
505 ## - FORMATTED CONTENTS NOTE
Formatted contents note The impact of competitive fee tendering on construction professional service quality.
505 ## - FORMATTED CONTENTS NOTE
Formatted contents note Marketing quality surveying services to developing economies.
505 ## - FORMATTED CONTENTS NOTE
Formatted contents note Building project forecasting : modelling technique selection criteria.
650 ## - SUBJECT ADDED ENTRY--TOPICAL TERM
Topical term or geographic name entry element CLIENT SATISFACTION
650 ## - SUBJECT ADDED ENTRY--TOPICAL TERM
Topical term or geographic name entry element COBRA 98
650 ## - SUBJECT ADDED ENTRY--TOPICAL TERM
Topical term or geographic name entry element CONSTRUCTION RESEARCH
650 ## - SUBJECT ADDED ENTRY--TOPICAL TERM
Topical term or geographic name entry element FORECASTING
650 ## - SUBJECT ADDED ENTRY--TOPICAL TERM
Topical term or geographic name entry element MARKETING
650 ## - SUBJECT ADDED ENTRY--TOPICAL TERM
Topical term or geographic name entry element MODELLING
650 ## - SUBJECT ADDED ENTRY--TOPICAL TERM
Topical term or geographic name entry element VALUE MANAGEMENT
690 ## - LOCAL SUBJECT ADDED ENTRY--TOPICAL TERM (OCLC, RLIN)
Topical term or geographic name as entry element BUILT ENVIRONMENT
942 ## - ADDED ENTRY ELEMENTS (KOHA)
Suppress in OPAC 0
Source of classification or shelving scheme Dewey Decimal Classification
948 ## - LOCAL PROCESSING INFORMATION (OCLC); SERIES PART DESIGNATOR (RLIN)
c (OCLC) 12/02/1999
Holdings
Withdrawn status Lost status Source of classification or shelving scheme Damaged status Not for loan Home library Current library Shelving location Date acquired Total Checkouts Full call number Barcode Date last seen Copy number Price effective from Koha item type
    Dewey Decimal Classification     London London RICS Boxes 14/09/1999   RICS 1998/80 30057317 06/08/2019 1 06/08/2019 Archive
    Dewey Decimal Classification     London London RICS Boxes 08/05/2000   RICS 1998/80 30061145 06/08/2019 2 06/08/2019 Reference material
    Dewey Decimal Classification     Virtual Virtual Online 21/08/2017   ONLINE PUBLICATION 91279-2001 06/08/2019 3 06/08/2019 Book